Sparks & Taylor's nursing diagnosis pocket guide / (Record no. 57158)

MARC details
000 -LEADER
fixed length control field 00714nam a22002177a 4500
005 - DATE AND TIME OF LATEST TRANSACTION
control field 20240814212023.0
008 - FIXED-LENGTH DATA ELEMENTS--GENERAL INFORMATION
fixed length control field 220418b ||||| |||| 00| 0 eng d
020 ## - INTERNATIONAL STANDARD BOOK NUMBER
International Standard Book Number 978-1-9781-4499-9
040 ## - CATALOGING SOURCE
Language of cataloging English
Transcribing agency URS
Description conventions rda
050 ## - LIBRARY OF CONGRESS CALL NUMBER
Classification number RT48.6
Item number .P514 2021
100 ## - MAIN ENTRY--PERSONAL NAME
9 (RLIN) 1334
Personal name Phelps, Linda Lee.,
Relator term author.
245 ## - TITLE STATEMENT
Title Sparks & Taylor's nursing diagnosis pocket guide /
Statement of responsibility, etc Linda Lee Phelps.
250 ## - EDITION STATEMENT
Edition statement Fourth edition
264 ## - PUBLICATION, DISTRIBUTION, ETC. (IMPRINT)
Place of publication, distribution, etc Philadelphia :
Name of publisher, distributor, etc Wolters Kluwer Health,
Date of publication, distribution, etc ©2021.
300 ## - PHYSICAL DESCRIPTION
Extent 744 pages ;
Dimensions 18 cm.
336 ## - CONTENT TYPE
Source rdacontent
Content type term text
Content type code txt
337 ## - MEDIA TYPE
Source rdamedia
Media type term unmediated
Media type code n
338 ## - CARRIER TYPE
Source rdacarrier
Carrier type term volume
Carrier type code nc
650 #0 - SUBJECT ADDED ENTRY--TOPICAL TERM
9 (RLIN) 1335
Topical term or geographic name as entry element Nursing diagnosis
General subdivision Handbooks, manuals, etc.
942 ## - ADDED ENTRY ELEMENTS (KOHA)
Source of classification or shelving scheme Library of Congress Classification
Koha item type Reserved Books
Holdings
Withdrawn status Lost status Source of classification or shelving scheme Damaged status Not for loan Collection code Home library Current library Shelving location Date acquired Source of acquisition Total Checkouts Full call number Barcode Date last seen Date checked out Copy number Koha item type
    Library of Congress Classification     Non-fiction Taytay College Library Taytay College Library Reserve Section 11/30/2021 Purchased 1 RT48.6 .P514 2021 URSTAY-4980 06/05/2025 09/25/2024 1 Reserved Books
    Library of Congress Classification     Non-fiction Taytay College Library Taytay College Library Reserve Section 03/17/2023 Purchased   RT48.6 .P514 2021 URSTAY-5163 06/05/2025   2 Reserved Books

University of Rizal System
Email us at univlibservices@urs.edu.ph

Visit our Website www.urs.edu.ph/library